|
|
|
|
| LEADER |
00848cam a2200253 7i4500 |
| 001 |
0000020607 |
| 005 |
20170218090000.0 |
| 008 |
080221 eng |
| 020 |
|
|
|a 0030252539 (hbk.)
|
| 020 |
|
|
|a 9780030252532
|
| 040 |
|
|
|a OhCoOLI
|
| 090 |
0 |
0 |
|a HG173
|b .B47 1999
|
| 100 |
1 |
|
|a Besley, Scott
|
| 245 |
1 |
0 |
|a Principles of finance
|c Scott Besley, Eugene F. Brigham.
|
| 260 |
|
|
|a Fort Worth:
|b Dryden Press,
|c 1999.
|
| 300 |
|
|
|a xvii, 717 p.:
|b col. ill.;
|c 26 cm.
|
| 490 |
0 |
|
|a The Dryden Press series in finance
|
| 504 |
|
|
|a Includes bibliographical references and index
|
| 650 |
0 |
0 |
|a Finance
|
| 650 |
0 |
0 |
|a Business enterprises --
|x Finance
|
| 650 |
0 |
0 |
|a Corporations --
|x Finance
|
| 700 |
1 |
|
|a Brigham, Eugene F
|
| 997 |
|
|
|a Business & Accountancy, Faculty
|
| 999 |
|
|
|a 0000019880
|b BOK
|c OPEN SHELF
|e 1st Floor, Bestari Jaya
|